[Event "Heraklion op 18th"]
[Site "Heraklion"]
[Date "2016.09.04"]
[Round "2"]
[White "Papadopoulos, Argirios"]
[Black "Lyrakis, Stavros"]
[Result "1-0"]
[WhiteElo "2255"]
[BlackElo "1818"]
[PlyCount "109"]
[EventDate "2016.09.03"]
[EventType "swiss"]
[EventRounds "9"]
[EventCountry "GRE"]
[SourceTitle "CBM 174 Extra"]
[Source "ChessBase"]
[SourceDate "2016.10.10"]
[SourceVersion "1"]
[SourceVersionDate "2016.10.10"]
[SourceQuality "1"]

1. e4 c5 2. Nf3 d6 3. d4 cxd4 4. Nxd4 Nf6 5. Nc3 g6 6. Be3 Bg7 7. f3 0-0 8. Qd2 Nc6 9. 0-0-0 d5 10. exd5 Nxd5 11. Nxc6 bxc6 12. Bd4 Bxd4 13. Qxd4 Be6 14. Qc5 Qb6 15. Na4 Qc7 16. b3 Nb6 17. Nb2 a5 18. a4 Qf4+ 19. Kb1 Nd5 20. Qd4 Qe3 21. Qxe3 Nxe3 22. Re1 Nxf1 23. Rhxf1 Rfd8 24. Rd1 Rd6 25. Rxd6 exd6 26. Rd1 Rd8 27. Nd3 Kf8 28. Nc5 Bc8 29. Kb2 Ke7 30. Nd3 Ba6 31. c4 d5 32. Nc5 Bc8 33. Kc3 dxc4 34. Rxd8 Kxd8 35. Kxc4 Kc7 36. Ne4 Be6+ 37. Kc3 h6 38. Nd2 Kb6 39. Nc4+ Ka6 40. Kd4 Bd5 41. Nd2 Kb6 42. g3 Be6 43. Nc4+ Ka6 44. f4 Bd5 45. Ke5 Be6 46. Kd6 Bd5 47. g4 Be4 48. Ke5 Bc2 49. Nd2 Kb6 50. Kd4 f5 51. Kc3 Bd1 52. gxf5 gxf5 53. Nc4+ Ka6 54. Ne3 Bh5 55. Nxf5 1-0

[Event "Heraklion Gazi op 11th"]
[Site "Heraklion"]
[Date "2015.07.26"]
[Round "2"]
[White "Petraki, Evaggelia"]
[Black "Lyrakis, Stavros"]
[Result "1/2-1/2"]
[WhiteElo "1468"]
[BlackElo "1867"]
[PlyCount "126"]
[EventDate "2015.07.25"]
[EventType "swiss"]
[EventRounds "9"]
[EventCountry "GRE"]
[SourceTitle "CBM 167 Extra"]
[Source "ChessBase"]
[SourceDate "2015.09.14"]
[SourceVersion "1"]
[SourceVersionDate "2015.09.14"]
[SourceQuality "1"]

1. e4 c5 2. Nf3 d6 3. d4 cxd4 4. Nxd4 Nf6 5. Nc3 g6 6. Be3 Bg7 7. f3 0-0 8. Qd2 Nc6 9. 0-0-0 d5 10. Qe1 e5 11. Nxc6 bxc6 12. exd5 Nxd5 13. Bc4 Be6 14. Ne4 Qb8 15. Bc5 Rd8 16. Qh4 h6 17. g4 Nf4 18. Qxd8+ Qxd8 19. Rxd8+ Rxd8 20. Bxe6 Nxe6 21. Bxa7 Ra8 22. Be3 Rxa2 23. Kb1 Ra8 24. Rd1 Kf8 25. Rd6 Rc8 26. Nc5 Nxc5 27. Bxc5 Ke8 28. Rd3 Rd8 29. Rxd8+ Kxd8 30. c4 Kd7 31. Kc2 Ke6 32. b4 f5 33. Kd3 e4+ 34. fxe4 fxg4 35. Bd4 Bf8 36. b5 cxb5 37. cxb5 Bd6 38. Bg1 h5 39. b6 h4 40. b7 Bb8 41. Bd4 g3 42. h3 Kd6 43. Ke3 Kc6 44. Bf6 g2 45. Kf2 Bg3+ 46. Kxg2 Kxb7 47. Kf3 Kc6 48. Kg4 Kd7 49. Bxh4 Bd6 50. Bf6 Ke6 51. e5 Bb4 52. h4 Kf7 53. Bg5 Ke6 54. Bf4 Be7 55. Bg3 Kf7 56. Kf3 Ke6 57. Ke4 Bb4 58. Kf4 Bd2+ 59. Kg4 Bb4 60. Kg5 Kf7 61. Bf4 Be7+ 62. Kg4 Bb4 63. Bg3 Be7 1/2-1/2

[Event "Heraklio SOI op 10th"]
[Site "Heraklion"]
[Date "2014.01.05"]
[Round "5"]
[White "Lyrakis, Stavros"]
[Black "Antoniadis, Konstantinos"]
[Result "1-0"]
[WhiteElo "1892"]
[BlackElo "1720"]
[PlyCount "57"]
[EventDate "2014.01.09"]
[EventType "swiss"]
[EventRounds "7"]
[EventCountry "GRE"]
[SourceTitle "EXT 2024"]
[Source "ChessBase"]
[SourceDate "2023.10.10"]
[SourceVersion "1"]
[SourceVersionDate "2023.10.10"]
[SourceQuality "1"]

1. e4 d5 2. exd5 Qxd5 3. Nc3 Qd6 4. g3 Nc6 5. Bg2 e5 6. d3 Nf6 7. Be3 Be7 8. h3 Be6 9. Nf3 h6 10. 0-0 a6 11. Qd2 0-0-0 12. Ne4 Qd7 13. Kh2 Nd4 14. Nxe5 Qb5 15. f4 Nxe4 16. Bxe4 g5 17. a4 Qe8 18. Qg2 c6 19. f5 f6 20. Ng6 Nxf5 21. Bxf5 Bxf5 22. Nxh8 Bd7 23. Qe4 Qxh8 24. Qxe7 Re8 25. Qc5 Re5 26. Qa7 Qe8 27. Qa8+ Kc7 28. Qxe8 Rxe8 29. Rae1 1-0

[Event "Iraklio SOI op 7th"]
[Site "Iraklio"]
[Date "2013.01.05"]
[Round "5"]
[White "Kadianis, Georgios"]
[Black "Lyrakis, Stavros"]
[Result "0-1"]
[WhiteElo "1630"]
[BlackElo "1912"]
[PlyCount "82"]
[EventDate "2013.01.02"]
[EventType "swiss"]
[EventRounds "7"]
[EventCountry "GRE"]
[SourceTitle "EXT 2024"]
[Source "ChessBase"]
[SourceDate "2023.10.10"]
[SourceVersion "1"]
[SourceVersionDate "2023.10.10"]
[SourceQuality "1"]

1. e4 c5 2. Nf3 d6 3. d4 cxd4 4. Nxd4 Nf6 5. Nc3 g6 6. Be3 Bg7 7. f3 0-0 8. Bc4 Nc6 9. Qd2 Bd7 10. 0-0-0 Rc8 11. Bb3 Ne5 12. Kb1 Nc4 13. Bxc4 Rxc4 14. h4 h5 15. Nde2 Qb8 16. Bh6 Rfc8 17. g4 b5 18. Bxg7 Kxg7 19. e5 Nxg4 20. fxg4 Bxg4 21. Rc1 dxe5 22. Ng3 b4 23. Nce4 Qa8 24. Qe3 Qd5 25. Nf2 Be6 26. b3 Rc3 27. Qg5 Rh8 28. Qxe7 Rxg3 29. Rhe1 Rf3 30. Ne4 Rf4 31. Rcd1 Rxe4 32. Rxd5 Rxe1+ 33. Kb2 Bxd5 34. Qxb4 Re4 35. Qc5 Be6 36. Qe7 a6 37. a4 Rb8 38. Ka3 Reb4 39. Qd6 Rxb3+ 40. cxb3 Rxb3+ 41. Ka2 Rb6+ 0-1

[Event "Crete Poa op"]
[Site "Crete"]
[Date "2012.04.28"]
[Round "4"]
[White "Serntedakis, Athanasios"]
[Black "Lyrakis, Stavros"]
[Result "1-0"]
[WhiteElo "1969"]
[BlackElo "1929"]
[PlyCount "105"]
[EventDate "2012.04.26"]
[EventType "swiss"]
[EventRounds "7"]
[EventCountry "GRE"]
[SourceTitle "EXT 2024"]
[Source "ChessBase"]
[SourceDate "2023.10.10"]
[SourceVersion "1"]
[SourceVersionDate "2023.10.10"]
[SourceQuality "1"]

1. e4 c5 2. Nc3 Nc6 3. Bb5 Nd4 4. Bc4 e6 5. Nge2 Ne7 6. Nxd4 cxd4 7. Ne2 Nc6 8. d3 Be7 9. 0-0 0-0 10. f4 d5 11. exd5 exd5 12. Bb3 Bg4 13. h3 Bc8 14. Bd2 Bh4 15. Be1 Bf6 16. Bf2 a5 17. a3 Re8 18. Ng3 a4 19. Ba2 Bh4 20. Qf3 Bxg3 21. Qxg3 Qd6 22. Qf3 Ra5 23. Rae1 Bd7 24. Rxe8+ Bxe8 25. f5 f6 26. Qg4 Rc5 27. Bxd4 Nxd4 28. Qxd4 Rxc2 29. Qxd5+ Qxd5 30. Bxd5+ Kf8 31. Rf2 Rc1+ 32. Kh2 Bc6 33. Bxc6 bxc6 34. Rf4 Rc2 35. Rxa4 Rxb2 36. Rc4 Rb3 37. Rxc6 Rxa3 38. Rc8+ Ke7 39. Rc7+ Kf8 40. Rd7 Ra5 41. g4 Re5 42. d4 Re4 43. Kg2 g6 44. Kf3 gxf5 45. gxf5 Rh4 46. Kg3 Re4 47. d5 Kg8 48. d6 Re3+ 49. Kg4 Re4+ 50. Kf3 Re1 51. h4 Rh1 52. Re7 Rd1 53. d7 1-0

[Event "Heraklion SOI op 4th"]
[Site "Heraklion"]
[Date "2012.01.06"]
[Round "5"]
[White "Lyrakis, Stavros"]
[Black "Serpetsidaki, Eva"]
[Result "1-0"]
[WhiteElo "1942"]
[BlackElo "1383"]
[PlyCount "31"]
[EventDate "2012.01.04"]
[EventType "swiss"]
[EventRounds "7"]
[EventCountry "GRE"]
[SourceTitle "EXT 2024"]
[Source "ChessBase"]
[SourceDate "2023.10.10"]
[SourceVersion "1"]
[SourceVersionDate "2023.10.10"]
[SourceQuality "1"]

1. e4 e5 2. Nf3 Nc6 3. d4 exd4 4. Bc4 Nf6 5. 0-0 Bc5 6. e5 d5 7. exf6 dxc4 8. fxg7 Rg8 9. Re1+ Be6 10. Bg5 Qd5 11. Nc3 Qf5 12. Ne4 Rxg7 13. Nh4 Qxg5 14. Nxg5 Rxg5 15. f4 Rg4 16. Qxg4 1-0

[Event "Heraklion SOI op 4th"]
[Site "Heraklion"]
[Date "2012.01.04"]
[Round "3"]
[White "Lyrakis, Stavros"]
[Black "Milonakis, Georgios"]
[Result "0-1"]
[WhiteElo "1942"]
[BlackElo "2181"]
[PlyCount "62"]
[EventDate "2012.01.04"]
[EventType "swiss"]
[EventRounds "7"]
[EventCountry "GRE"]
[SourceTitle "EXT 2024"]
[Source "ChessBase"]
[SourceDate "2023.10.10"]
[SourceVersion "1"]
[SourceVersionDate "2023.10.10"]
[SourceQuality "1"]

1. e4 c5 2. Nc3 Nc6 3. g3 g6 4. d3 Bg7 5. Be3 d6 6. Bg2 e6 7. Qd2 Rb8 8. Nge2 Nd4 9. Nd1 b5 10. Nc1 b4 11. c3 bxc3 12. bxc3 Nc6 13. f4 Nge7 14. e5 dxe5 15. Bxc5 exf4 16. Qxf4 e5 17. Qc4 Be6 18. Qa6 Bd5 19. Bxe7 Nxe7 20. Qa4+ Qd7 21. Qxd7+ Kxd7 22. Bxd5 Nxd5 23. Nb3 Rhc8 24. c4 Nb4 25. Ke2 e4 26. Rb1 exd3+ 27. Ke3 Rxc4 28. a3 Re8+ 29. Kf3 Nc2 30. Na5 Rc7 31. Rb3 Nd4+ 0-1

[Event "Heraklion Galaxy op 1st"]
[Site "Heraklion"]
[Date "2011.01.09"]
[Round "7"]
[White "Lyrakis, Stavros"]
[Black "Fragiadakis, Emanouel"]
[Result "0-1"]
[WhiteElo "1876"]
[BlackElo "1957"]
[PlyCount "98"]
[EventDate "2011.01.04"]
[EventType "swiss"]
[EventRounds "7"]
[EventCountry "GRE"]
[SourceTitle "EXT 2024"]
[Source "ChessBase"]
[SourceDate "2023.10.10"]
[SourceVersion "1"]
[SourceVersionDate "2023.10.10"]
[SourceQuality "1"]

1. e4 c5 2. Nc3 Nc6 3. g3 d6 4. Bg2 g6 5. d3 Bg7 6. Be3 Nf6 7. Nge2 0-0 8. 0-0 Rb8 9. h3 b5 10. Qd2 Re8 11. Bh6 Bh8 12. f4 b4 13. Nd1 Qb6 14. f5 Nd7 15. Rf4 c4+ 16. Kh2 cxd3 17. cxd3 Nd4 18. fxg6 hxg6 19. Ne3 Nxe2 20. Qxe2 Qd4 21. e5 Qxe5 22. d4 Qh5 23. Ng4 Nf6 24. Nxf6+ Bxf6 25. Qxh5 gxh5 26. Re1 Ba6 27. g4 hxg4 28. Rxg4+ Kh7 29. Bd2 Bd3 30. Be4+ Bxe4 31. Rgxe4 b3 32. a3 Rec8 33. Bc3 d5 34. Rf4 Rc4 35. Kg3 Rg8+ 36. Kf3 Rg6 37. Rf5 e6 38. Rf4 Kg7 39. Rh1 Be7 40. Re1 Rc8 41. a4 Rh8 42. Rh1 Rh5 43. Rg4 Rf5+ 44. Rf4 Rxf4+ 45. Kxf4 Bd6+ 46. Kf3 Rg3+ 47. Kf2 Kh6 48. Bb4 Bb8 49. Be7 Rd3 0-1